000
00300nam a22001337a 4500
008
171221b xxu||||| |||| 00| 0 eng d
020
_a
9780838562062
041
_a
eng
080
_2
2 ED
_a
61
100
_a
3
101
_a
SHM
245
_a
MEDICAL EPIDEMIOLOGY
_c
DANIELS.S.R
942
_2
udc
_c
BK
999
_c
39275
_d
39275